书目信息 |
| 题名: |
电脑爱好者2001年合订本
|
|
| 作者: | ;《电脑爱好者杂志社》 编 | |
| 分册: | ||
| 出版信息: | 北京 电脑爱好者杂志社 2001 |
|
| 页数: | 336页 | |
| 开本: | 26cm | |
| 丛书名: | ||
| 单 册: | ||
| 中图分类: | TP3-49 | |
| 科图分类: | ||
| 主题词: | 电子计算机--普及读物 , 计算技术--普及读物 | |
| 电子资源: | ||
| ISBN: | ||
| 000 | 00673nam0 2200217 45 | |
| 001 | 0210081564 | |
| 005 | 20041209160004.6 | |
| 010 | @dCNY35.00 | |
| 011 | @a1671-1998 | |
| 100 | @a20021008d2001 km y0chiy0120 ea | |
| 101 | 0 | @achi |
| 105 | @a z 000yy | |
| 200 | 1 | @a电脑爱好者2001年合订本@ADian Nao Ai Hao Zhe 2001 Nian He Ding Ben@f《电脑爱好者杂志社》编@F《Dian Nao Ai Hao Zhe Za Zhi She》Bian |
| 210 | @a北京@c电脑爱好者杂志社@d2001 | |
| 215 | @a336页@d26cm | |
| 606 | 0 | @a电子计算机@x普及读物 |
| 606 | 0 | @a计算技术@x普及读物 |
| 690 | @aTP3-49@v4 | |
| 711 | 02 | @a《电脑爱好者杂志社》@4编 |
| 801 | @aCN@bTSTC@c20021008 | |
| 905 | @dTP3-49@e128:01(1)(+)@f1@b304119 | |
| 电脑爱好者2001年合订本/《电脑爱好者杂志社》编.-北京:电脑爱好者杂志社,2001 |
| 336页;26cm |
| ISBN :CNY35.00 |
| ● |
| 相关链接 |
|
|
|
|
正题名:电脑爱好者2001年合订本
索取号:TP3-49/128:01(1)(+)
 
预约/预借
| 序号 | 登录号 | 条形码 | 馆藏地/架位号 | 状态 | 备注 |
| 1 | 0304117 | 203041172 | 密集书库/ [索取号:TP3-49/128:01(1)(+)] | 在馆 | |
| 2 | 0304118 | 203041181 | 密集书库/ [索取号:TP3-49/128:01(1)(+)] | 在馆 | |
| 3 | 0304119 | 203041190 | 密集书库/ [索取号:TP3-49/128:01(1)(+)] | 在馆 | |
| 4 | 0304120 | 203041207 | 密集书库/ [索取号:TP3-49/128:01(1)(+)] | 在馆 | |
| 5 | 0304121 | 203041216 | 第二样本阅览室/ [索取号:TP3-49/128:01(1)(+)] | 在馆 |